Les villes les plus chaudes de France - Statistiques

Statistiques générales
  • Ce quiz a été pris 1 263 fois
  • Le résultat moyen est 12 sur 20
Statistiques - réponses
Moyennes à l'année depuis 1991 Villes % Correct
14,8°C Marseille
98%
15,9°C Nice
95%
14,2°C Toulouse
88%
15,5°C Montpellier
85%
16,0°C Perpignan
78%
16,7°C Toulon
78%
14,3°C Bordeaux
76%
15,6°C Nîmes
67%
15,0°C Avignon
60%
16,6°C Ajaccio
53%
14,4°C Carcassonne
53%
16,7°C Bastia
51%
14,5°C Bayonne
50%
15,5°C Béziers
50%
14,0°C Pau
50%
15,3°C Narbonne
48%
15,3°C Arles
39%
15,9°C Sète
35%
15,7°C Fréjus
31%
14,6°C Alès
25%
Aucun quiz correspondant
Distribution des résultats
% des personnes avec chaque résultat
Percentile par nombre de réponses
Votre historique - résultats
Vous n’avez pas pris ce quiz